000 00602cam a22002052 4500
001 0000018754
005 20151217155859.0
008 100617s xx 000 0 eng d
040 _aKABU
_cKABU
100 1 _aYabs, John.
_@0000158105
245 1 0 _aStrategic management practices /
_cJohn Yabs.
250 _a2nd ed.
260 _aNairobi :
_bLelax Global,
_c2010.
300 _axxix, 314 p.
650 0 _aStrategic planning.
_@0000150576
650 0 _aBusiness planning.
_@0000150583
852 1 _9p880 KES
908 _a100617
950 _@1
999 _c13663
_d13663